| 000 | 00582nam a2200181Ia 4500 | ||
|---|---|---|---|
| 003 | GCL | ||
| 008 | 140319s9999 xx 000 0 ara d | ||
| 040 |
_aGCL / _cGCL |
||
| 082 | 0 | 4 |
_a610.3 _bع د |
| 100 | 1 | _aهشام الخطيب | |
| 245 | 1 | 0 |
_aدليل المصطلحات الطبية / _cهشام الخطيب |
| 700 | 1 | _aعماد الخطيب | |
| 260 |
_aالاردن : _bدار اليازورى العلمية للنشر والتوزيع |
||
| 300 |
_a382 ص ؛ _c24 سم |
||
| 650 | 0 | 4 | _aالطب - ادلة |
| 650 | 0 | 4 | _aالمصطلحات الطبية |
| 942 |
_2ddc _cBK |
||
| 999 |
_c7385 _d7385 |
||